000 00294nam a2200121Ia 4500
008 220216s9999 xx 000 0 und d
100 _aCarlson Douglas D
245 0 _aAsphalt rubber for green roads
260 _bTyre Asia
_c2009
300 _a49
650 _aRubberised asphalt
942 _cJS
999 _c54514
_d54514